Jugadores Alemania #2 - Estadísticas

Estadísticas generales
  • Esta prueba ha sido intentada 26 veces
  • La puntuación promedio es 10 de 20
Estadísticas de respuestas
Imagen Respuesta % Correcto
Sule
100%
Neuer
88%
Can
80%
Ortega
80%
Andrich
68%
Raum
68%
Schlotterbeck
68%
Undav
64%
Nmecha
52%
Arnold
48%
Thiaw
48%
Anton
44%
Ginter
44%
Mittelstadt
36%
Henrichs
32%
Koch
32%
Stiller
32%
Amiri
28%
Burkardt
16%
Kleindienst
12%
No se encontraron pruebas coincidentes
Distribución de puntuación
Porcentaje de gente con cada puntuación
Porcentaje por número respondido
Historial de tus puntuaciones
No has intentado esta prueba.